header

Flood risk assessment and management (Record no. 127927)

MARC details
000 -LEADER
fixed length control field 01113nam a2200289Ia 4500
100 1# - MAIN ENTRY--AUTHOR NAME
Personal name Han, Dawei.
245 10 - TITLE STATEMENT
Title Flood risk assessment and management
260 ## - PUBLICATION, DISTRIBUTION, ETC. (IMPRINT)
Place of publication [S.l.] :
Name of publisher Bentham Science Publishers,
Year of publication [2011]
300 ## - PHYSICAL DESCRIPTION
Number of Pages ii, 152 p. :
Other physical details ill.
650 #0 - SUBJECT ADDED ENTRY--TOPICAL TERM
Topical Term Floods
Topical Term Flood forecasting.
Topical Term Flood control.
856 40 - ELECTRONIC LOCATION AND ACCESS
Uniform Resource Identifier http://site.ebrary.com/lib/rucke/Doc?id=10457988

No items available.

© 2026 Rongo University
Contact us: librarian | system librarian | Rongo university